|
|
|
แสดงรายละเอียดบรรณานุกรม |
|
|
Brief Record
: Get Marc (ISO 2709)
: E-mail record
: |
| LEADER 00000nam 2200000uu 4500 | |||
| 001 17967 | |||
| 003 ULIBM | |||
| 008 020711s2552 th a 000 0 tha d | |||
| 100 ทีมนิสิตแพทย์สามย่าน | |||
| 245 IQ Test | |||
| 250 พิมพ์ครั้งที่ 1 | |||
| 260 กทม. :^bบริษัท สำนักพิมพ์ดอกหญ้าวิชาการ จำกัด,^c2552 | |||
| คุณยังไม่ได้ล็อกอิน คุณสามารถมีกิจกรรมร่วมกับเว็บไซต์ได้ แต่ต้องล็อกอินก่อน :: |
|
| สถานะ | |||||||||
| 1. | หนังสือ | 2552 c.1 Barcode: 0003322 | On Shelf | ||||||
| [แสดง 1/1 รายการ] | |||||||||
BibComment |
| คอมเมนท์ทรัพยากรรายการนี้ |
|
|